Central Library OPAC University of Rajshahi

Social welfare administration in Pakistan / (Record no. 50861)

MARC details
000 -LEADER
fixed length control field 00673cam a2200241 a 4500
001 - CONTROL NUMBER
control field 50861
003 - CONTROL NUMBER IDENTIFIER
rucl marc code BD-RjUL
005 - DATE AND TIME OF LATEST TRANSACTION
control field 20211209075557.0
008 - FIXED-LENGTH DATA ELEMENTS--GENERAL INFORMATION
fixed length control field 160828s1969 pk b 000 0 eng
035 ## - SYSTEM CONTROL NUMBER
System control number (BD-RjUL)50981
System control number 1945645
040 ## - CATALOGING SOURCE
Original cataloging agency LC
Language of cataloging eng
Transcribing agency LC
Modifying agency ANL:NR
041 ## - LANGUAGE CODE
Language code of text/sound track or separate title eng
082 ## - DEWEY DECIMAL CLASSIFICATION NUMBER
Edition number 23
Classification number 361.95491
Author mark and year ABS 1969
100 1# - MAIN ENTRY--PERSONAL NAME
Personal name Abbas, Rabeya.
9 (RLIN) 152253
245 10 - TITLE STATEMENT
Title Social welfare administration in Pakistan /
Statement of responsibility, etc. Rabeya Abbas
260 ## - PUBLICATION, DISTRIBUTION, ETC. (IMPRINT)
Place of publication, distribution, etc. Lahore :
Name of publisher, distributor, etc. Alhamra Academy,
Date of publication, distribution, etc. [1969]
300 ## - PHYSICAL DESCRIPTION
Pagination 83 p. ;
Size 22 cm.
504 ## - BIBLIOGRAPHY, ETC. NOTE
Bibliography, etc Bibliography: p. 78-82.
650 #0 - SUBJECT ADDED ENTRY--TOPICAL TERM
Topical term or geographic name as entry element Social work administration.
9 (RLIN) 148616
942 ## - ADDED ENTRY ELEMENTS (KOHA)
Source of classification or shelving scheme Dewey Decimal Classification
Koha item type Books
Holdings
Lost status Source of classification or shelving scheme Damaged status Not for loan Collection code Permanent Location Current Location Shelving location Date acquired Source of acquisition Cost, normal purchase price Total Checkouts Full call number Date last seen Copy number Koha item type
  Dewey Decimal Classification     Non-fiction Central Library, University of Rajshahi Central Library, University of Rajshahi   22/12/1969 Asia foundation 6.00   361.95491 ABS 1969 28/08/2016 C-2 Books
  Dewey Decimal Classification     Non-fiction Central Library, University of Rajshahi Central Library, University of Rajshahi   22/12/1969 Asia foundation 6.00   361.95491 ABS 1969 28/08/2016 C-3 Books